000 01111cam a2200313 i 4500
001 18046014
003 EG-ScBUE
005 20260125093819.0
008 140219t2014 gw a frb 001 0 eng d
020 _a9783319056296
040 _aBTCTA
_beng
_erda
_cBTCTA
_dYDXCP
_dCDX
_dOCLCO
_dBNG
_dIXA
_dDLC
_dEG-ScBUE
082 0 4 _222
_a572.80285
_bMAJ
100 1 _aMaji, Pradipta,
_eauthor.
245 1 0 _aScalable pattern recognition algorithms :
_bapplications in computational biology and bioinformatics /
_cPradipta Maji, Sushmita Paul.
264 1 _aCham :
_bSpringer,
_c[2014]
264 4 _ac2014
300 _axxii, 304 pages :
_billustrations ;
_c24 cm
336 _2rdacontent
_atext
_btxt
337 _aunmediated
_2rdamedia
_bn
338 _avolume
_bnc
_2rdacarrier
504 _aIncludes bibliographical references and index.
650 7 _aBioinformatics.
_2BUEsh
_95545
650 7 _aComputational biology
_xmethods.
_2BUEsh
_912933
650 7 _aPattern recognition systems.
_2BUEsh
_94475
653 _bCOMSCI
_cMay2018
655 _vReading book
700 1 _aPaul, Sushmita,
_eauthor.
942 _2ddc
_cBB
999 _c26756
_d26728